000 00397nam a2200157Ia 4500
003 LK-CoDNM
008 010623t1741 xxu||||| |||| 00| 1 eng d
040 _aLK-CoDNM
_dLK-CoDNM
_eLK-CoDNM
041 _aeng
080 _a(x)34.096 GRE
245 _aIn the Privy Council On An Appeal From The Supreme Court Of Ceylon
260 _b
_c1741
300 _bp.83, 28 cm
650 _aLaw
942 _cBK
999 _c80762
_d80762